<?xml version="1.0" encoding="UTF-8"?><?xml-stylesheet type="text/xsl" href="static/style.xsl"?><OAI-PMH xmlns="http://www.openarchives.org/OAI/2.0/" xmlns:xsi="http://www.w3.org/2001/XMLSchema-instance" xsi:schemaLocation="http://www.openarchives.org/OAI/2.0/ http://www.openarchives.org/OAI/2.0/OAI-PMH.xsd"><responseDate>2026-04-14T15:14:01Z</responseDate><request verb="GetRecord" identifier="oai:uvadoc.uva.es:10324/32014" metadataPrefix="marc">https://uvadoc.uva.es/oai/request</request><GetRecord><record><header><identifier>oai:uvadoc.uva.es:10324/32014</identifier><datestamp>2021-06-29T22:28:24Z</datestamp><setSpec>com_10324_38</setSpec><setSpec>col_10324_852</setSpec></header><metadata><record xmlns="http://www.loc.gov/MARC21/slim" xmlns:doc="http://www.lyncode.com/xoai" xmlns:xsi="http://www.w3.org/2001/XMLSchema-instance" xmlns:dcterms="http://purl.org/dc/terms/" xsi:schemaLocation="http://www.loc.gov/MARC21/slim http://www.loc.gov/standards/marcxml/schema/MARC21slim.xsd">
<leader>00925njm 22002777a 4500</leader>
<datafield tag="042" ind1=" " ind2=" ">
<subfield code="a">dc</subfield>
</datafield>
<datafield tag="720" ind1=" " ind2=" ">
<subfield code="a">Sobrini García, Elena</subfield>
<subfield code="e">author</subfield>
</datafield>
<datafield tag="260" ind1=" " ind2=" ">
<subfield code="c">2018</subfield>
</datafield>
<datafield tag="520" ind1=" " ind2=" ">
<subfield code="a">El objetivo fundamental de este trabajo es probar, con la mayor generalidad&#xd;
posible, el Teorema fundamental de existencia de la teoría asintótica de&#xd;
sistemas de ecuaciones diferenciales ordinarias lineales en el dominio complejo&#xd;
en torno a una singularidad de segunda clase, que afirma que a toda solución&#xd;
en serie de potencias formal del sistema se le puede asignar, en sectores adecuados&#xd;
con vértice en el punto singular, una solución analítica representada&#xd;
asintóticamente por aquella en dicho sector.&#xd;
Usaremos conceptos y resultados estudiados principalmente en las asignaturas&#xd;
de “Cálculo Infinitesimal”, “Análisis Matemático”, “Ampliación de&#xd;
Análisis Matemático”, “Variable Compleja” y “Ecuaciones Diferenciales”,&#xd;
aunque también aplicaremos resultados de la asignatura “Álgebra y Geometría&#xd;
Lineales I”.&#xd;
El guión seguido para la prueba es el mismo que sigueWolfgangWasow en&#xd;
[4], pero intentaremos detallar los pasos que él deja en numerosas ocasiones&#xd;
indicados y que no son inmediatos</subfield>
</datafield>
<datafield tag="024" ind2=" " ind1="8">
<subfield code="a">http://uvadoc.uva.es/handle/10324/32014</subfield>
</datafield>
<datafield tag="245" ind1="0" ind2="0">
<subfield code="a">Introducción a la teoría asintótica de sistemas de EDOs lineales en puntos singulares de segunda clase</subfield>
</datafield>
</record></metadata></record></GetRecord></OAI-PMH>